Vedenie účtovníctva POHODA - PLAST, s.r.o.

Saved in:
Bibliographic Details
Main Author: Bolgáč, Ján, 1959-
Format: Book Chapter
Language:Slovak
Tags: Add Tag
No Tags, Be the first to tag this record!

MARC

LEADER 00000naa$a2200000$$$4500
001 0063813
005 20240502071736.1
041 0 |a slo 
044 |a SK 
245 1 0 |a Vedenie účtovníctva POHODA - PLAST, s.r.o.  |c Ján Bolgáč 
100 1 |a Bolgáč, Ján, 1959-